<?xml version="1.0" encoding="UTF-8"?>
<record
    xmlns:xsi="http://www.w3.org/2001/XMLSchema-instance"
    xsi:schemaLocation="http://www.loc.gov/MARC21/slim http://www.loc.gov/standards/marcxml/schema/MARC21slim.xsd"
    xmlns="http://www.loc.gov/MARC21/slim">

  <leader>00409nam a22001577a 4500</leader>
  <controlfield tag="005">20241219155421.0</controlfield>
  <controlfield tag="008">241219b        |||||||| |||| 00| 0 eng d</controlfield>
  <datafield tag="020" ind1=" " ind2=" ">
    <subfield code="a">978-93-48016-98-0</subfield>
  </datafield>
  <datafield tag="041" ind1=" " ind2=" ">
    <subfield code="a">eng</subfield>
  </datafield>
  <datafield tag="100" ind1=" " ind2=" ">
    <subfield code="a">Mithare, Y. &amp; Others</subfield>
  </datafield>
  <datafield tag="245" ind1=" " ind2=" ">
    <subfield code="a">Business, Administration : Project Management - III ( M. Com. - II )</subfield>
  </datafield>
  <datafield tag="250" ind1=" " ind2=" ">
    <subfield code="a">1st ed.</subfield>
  </datafield>
  <datafield tag="260" ind1=" " ind2=" ">
    <subfield code="a">Pune</subfield>
    <subfield code="b">Success</subfield>
  </datafield>
  <datafield tag="300" ind1=" " ind2=" ">
    <subfield code="a">4.17</subfield>
  </datafield>
  <datafield tag="942" ind1=" " ind2=" ">
    <subfield code="c">BK</subfield>
  </datafield>
  <datafield tag="999" ind1=" " ind2=" ">
    <subfield code="c">362340</subfield>
    <subfield code="d">362340</subfield>
  </datafield>
  <datafield tag="952" ind1=" " ind2=" ">
    <subfield code="0">0</subfield>
    <subfield code="1">0</subfield>
    <subfield code="2">ddc</subfield>
    <subfield code="4">0</subfield>
    <subfield code="7">0</subfield>
    <subfield code="a">SSMM</subfield>
    <subfield code="b">SSMM</subfield>
    <subfield code="d">2024-12-19</subfield>
    <subfield code="e">Success</subfield>
    <subfield code="g">135.00</subfield>
    <subfield code="i">1150</subfield>
    <subfield code="p">SSMM-BK-32099</subfield>
    <subfield code="r">2025-11-17 14:04:12</subfield>
    <subfield code="w">2024-12-19</subfield>
    <subfield code="y">BK</subfield>
    <subfield code="z">010032099</subfield>
  </datafield>
  <datafield tag="952" ind1=" " ind2=" ">
    <subfield code="0">0</subfield>
    <subfield code="1">0</subfield>
    <subfield code="2">ddc</subfield>
    <subfield code="4">0</subfield>
    <subfield code="7">0</subfield>
    <subfield code="a">SSMM</subfield>
    <subfield code="b">SSMM</subfield>
    <subfield code="d">2024-12-19</subfield>
    <subfield code="e">Success</subfield>
    <subfield code="g">135.00</subfield>
    <subfield code="i">1150</subfield>
    <subfield code="p">SSMM-BK-32100</subfield>
    <subfield code="r">2024-12-19 00:00:00</subfield>
    <subfield code="w">2024-12-19</subfield>
    <subfield code="y">BK</subfield>
    <subfield code="z">010032100</subfield>
  </datafield>
  <datafield tag="952" ind1=" " ind2=" ">
    <subfield code="0">0</subfield>
    <subfield code="1">0</subfield>
    <subfield code="2">ddc</subfield>
    <subfield code="4">0</subfield>
    <subfield code="7">0</subfield>
    <subfield code="a">SSMM</subfield>
    <subfield code="b">SSMM</subfield>
    <subfield code="d">2024-12-19</subfield>
    <subfield code="e">Success</subfield>
    <subfield code="g">135.00</subfield>
    <subfield code="i">1150</subfield>
    <subfield code="p">SSMM-BK-32101</subfield>
    <subfield code="r">2024-12-19 00:00:00</subfield>
    <subfield code="w">2024-12-19</subfield>
    <subfield code="y">BK</subfield>
    <subfield code="z">010032101</subfield>
  </datafield>
  <datafield tag="952" ind1=" " ind2=" ">
    <subfield code="0">0</subfield>
    <subfield code="1">0</subfield>
    <subfield code="2">ddc</subfield>
    <subfield code="4">0</subfield>
    <subfield code="7">0</subfield>
    <subfield code="a">SSMM</subfield>
    <subfield code="b">SSMM</subfield>
    <subfield code="d">2024-12-19</subfield>
    <subfield code="e">Success</subfield>
    <subfield code="g">135.00</subfield>
    <subfield code="i">1150</subfield>
    <subfield code="p">SSMM-BK-32102</subfield>
    <subfield code="r">2025-11-03 15:26:48</subfield>
    <subfield code="w">2024-12-19</subfield>
    <subfield code="y">BK</subfield>
    <subfield code="z">010032102</subfield>
  </datafield>
  <datafield tag="952" ind1=" " ind2=" ">
    <subfield code="0">0</subfield>
    <subfield code="1">0</subfield>
    <subfield code="2">ddc</subfield>
    <subfield code="4">0</subfield>
    <subfield code="7">0</subfield>
    <subfield code="a">SSMM</subfield>
    <subfield code="b">SSMM</subfield>
    <subfield code="d">2024-12-19</subfield>
    <subfield code="e">Success</subfield>
    <subfield code="g">135.00</subfield>
    <subfield code="i">1150</subfield>
    <subfield code="p">SSMM-BK-32103</subfield>
    <subfield code="r">2024-12-19 00:00:00</subfield>
    <subfield code="w">2024-12-19</subfield>
    <subfield code="y">BK</subfield>
    <subfield code="z">010032103</subfield>
  </datafield>
</record>
